000 01492cam a2200373 4500
001 ##B365
008 090401t1986 xxu||||| |||| 00| 0 eng d
035 _a(Sirsi) u35250
041 0 _aeng
050 0 4 _a624.19 $2 18
110 2 _aRoyal Institution of Chartered Surveyors
_94900
245 0 0 _aLand surveyors information package 13
_bsurveying underground services
260 _aLondon
_bRICS
_c1986
300 _a10
_fitems
_c30cm.
350 _a0
490 _aRICS Land Surveyors Information Package
505 0 _aUnderground services: the location and mapping -- Sewer and water mains records -- Location sewer survey -- Technical aspects of sewer survey in the metropolian area -- Finding those pipes -- Recent advances in the technology of locating buried pipes -- R D 600 locater user handbook -- The principles of locating conductors with radiodetection equipment -- Digital records trial NJUG Dudley -- Digitising Dudley -- Digital mapping on Segas
690 _aPROPERTY-INFRASTRUCTURE
700 1 _aCrouchman, F.
700 1 _aJones, D. E. B.
700 1 _aFry, R. K.
700 1 _aEvans, M. T. B.
700 1 _aGarnett, A. F
700 1 _aYarrow, G. J.
700 1 _aFreeman, L.
700 1 _aCross, D. A.
700 1 _aBranch, C. N.
710 2 _aNational Water Authority
_94903
710 2 _aAnglian Water Authority
_94904
710 2 _aElectrolocation
_94905
710 2 _aNational Joint Utilities Group
_91797
942 _n0
948 _c04/03/1997
999 _c90075
_d90075